Statistics for ALL Selena Gomez songs

Click here to take the quiz!

General Stats

  • This quiz has been taken 1,264 times
    (147 since last reset)
  • The average score is 43 of 123

Answer Stats

AlbumTrack #Answer% Correct
Rare (Deluxe)3Rare
84%
Collaborations/FeaturesOct. 25, 2017Wolves (with Marshmello)
79%
A Year Without Rain2A Year Without Rain
78%
Rare (Deluxe)2Lose You To Love Me
78%
When the Sun Goes Down3Who Says
73%
When the Sun Goes Down1Love You Like a Love Song
69%
Revival4Same Old Love
69%
Stars Dance5Come & Get It
68%
Revival3Hands to Myself
66%
Revival1Revival
63%
Kiss & Tell1Kiss & Tell
62%
Revival6Good For You (feat. A$AP Rocky)
61%
Kiss & Tell13Tell Me Something I Don't Know
61%
Collaborations/FeaturesJuly 13, 2017Fetish (feat. Gucci Mane)
60%
Kiss & Tell6Naturally
59%
Revival2Kill Em With Kindness
57%
Collaborations/FeaturesSept. 28, 2018Taki Taki (with DJ Snake, Ozuna & Cardi B)
57%
Collaborations/FeaturesAugust 25, 2022Calm Down (with Rema)
56%
Stars Dance3Stars Dance
56%
Rare (Deluxe)5Look At Her Now
55%
Singles/OtherNov. 24, 2014 (Track 1)The Heart Wants What It Wants
55%
Rare (Deluxe)12People You Know
54%
Singles/OtherMay 18, 2018Back To You
52%
Singles/OtherMay 18, 2017Bad Liar
52%
Singles/OtherAug 25, 2023Single Soon
51%
Stars Dance2Slow Down
51%
When the Sun Goes Down7When the Sun Goes Down
49%
When the Sun Goes Down5Hit the Lights
47%
Collaborations/FeaturesFeb 17, 2017It Ain't Me (with Kygo)
46%
Rare (Deluxe)10Ring
46%
A Year Without Rain1Round & Round
46%
Revival12Me & My Girls
45%
Stars Dance1Birthday
44%
Revival14Perfect
41%
Revival5Sober
40%
Revelación - EP3Baila Conmigo (with Rauw Alejandro)
39%
Rare (Deluxe)1Boyfriend
39%
Revival8Me & the Rhythm
39%
Collaborations/FeaturesJuly 8, 2016We Don't Talk Anymore (with Charlie Puth)
39%
Revelación - EP1De Una Vez
38%
Collaborations/FeaturesFeb 28, 2019I Can't Get Enough (with benny blanco, Tainy & J Balvin)
38%
Singles/OtherFeb 14, 2009Magic
38%
Collaborations/FeaturesAugust 28, 2020Ice Cream (with BLACKPINK)
37%
Rare (Deluxe)9Dance Again
36%
Singles/OtherOct 12, 2007Everything Is Not What It Seems (Wizards of Waverly Place Theme Song)
36%
Rare (Deluxe)8Vulnerable
36%
Rare (Deluxe)6She
35%
Rare (Deluxe)11A Sweeter Place (feat. Kid Cudi)
34%
Rare (Deluxe)7Crowded Room (with 6LACK)
34%
Revelación - EP7Selfish Love
34%
Kiss & Tell3Falling Down
33%
Rare (Deluxe)17Feel Me
33%
Revival13Nobody
33%
Collaborations/FeaturesAugust 26, 2021999 (with Camilo)
32%
Stars Dance8B.E.A.T.
32%
Stars Dance11Love Will Remember
32%
When the Sun Goes Down8My Dilemma
32%
Singles/OtherJan 1, 2011Shake It Up
32%
Rare (Deluxe)4Souvenir
32%
Revival7Camouflage
31%
Rare (Deluxe)13Cut You Off
31%
Collaborations/FeaturesNov. 4, 2016I Want You to Know (with Zedd)
31%
Stars Dance4Like a Champion
31%
Stars Dance6Forget Forever
29%
Rare (Deluxe)16Fun
29%
A Year Without Rain8Ghost of You
29%
Rare (Deluxe)15Kinda Crazy
29%
Stars Dance10Undercover
29%
Revelación - EP6Adiós
28%
When the Sun Goes Down2Bang Bang Bang
28%
Revival10Body Heat
28%
Collaborations/FeaturesOct 15, 2021Let Somebody Go (with Coldplay)
28%
Singles/OtherNov. 24, 2014 (Track 15)Do It
27%
Singles/OtherNovember 3, 2022My Mind & Me
27%
Rare (Deluxe)14Let Me Get Me
26%
Kiss & Tell8More
26%
Stars Dance12Nobody Does It Like You
26%
Collaborations/FeaturesJune 9, 2009One and the Same (with Demi Lovato)
26%
Collaborations/FeaturesJune 26, 2020Past Life (with Trevor Daniel)
26%
Revival11Rise
26%
Revival9Survivors
26%
When the Sun Goes Down11Middle of Nowhere
25%
Stars Dance13Music Feels Better
25%
Kiss & Tell5Crush
24%
Singles/OtherOct 12, 2008Fly to Your Heart
24%
A Year Without Rain6Intuition (feat. Eric Bellinger)
24%
Kiss & Tell2I Won't Apologize
24%
Stars Dance7Save the Day
24%
A Year Without Rain9Sick of You
24%
A Year Without Rain5Summer's Not Hot
24%
Stars Dance9Write Your Name
24%
Kiss & Tell9As a Blonde
23%
Singles/OtherFeb 14, 2008Cruella de Vil
23%
Kiss & Tell12I Got U
23%
Singles/OtherApril 18, 2017Only You
23%
Collaborations/FeaturesAug 11, 2009Send It On (with Miley Cyrus, The Jonas Brothers & Demi Lovato)
23%
Collaborations/FeaturesNov. 24, 2014Bidi Bidi Bom Bom (with Selena)
22%
When the Sun Goes Down10Outlaw
22%
A Year Without Rain3Rock God
22%
A Year Without Rain7Spotlight
22%
Kiss & Tell7The Way I Loved You
22%
Revelación - EP5Vicio
22%
When the Sun Goes Down4We Own the Night (feat. Pixie Lott)
22%
Kiss & Tell10I Don't Miss You at All
21%
Kiss & Tell4I Promise You
21%
A Year Without Rain10Live Like There's No Tomorrow
21%
Collaborations/FeaturesAug. 26, 2008New Classic (with Drew Seeley)
21%
Collaborations/FeaturesSept. 30, 2016Trust Nobody (with Cashmere Cat & Tory Lanez)
21%
Collaborations/FeaturesJan. 24, 2019Anxiety (with Julia Michaels)
20%
Revelación - EP4Dámelo To' (feat. Myke Towers)
20%
A Year Without Rain4Off the Chain
20%
Kiss & Tell11Stop & Erase
20%
When the Sun Goes Down9That's More Like It
20%
When the Sun Goes Down6Whiplash
20%
Revelación - EP2Buscando Amor
18%
Singles/OtherAug. 26, 2008Bang A Drum
15%
Collaborations/FeaturesOct. 8, 2013Already Missing You (with Prince Royce)
13%
Singles/OtherAug 4, 2009 (Track 1)Disappear
13%
Singles/OtherAug 4, 2009 (Track 2)Magical
13%
Singles/OtherMarch 6, 2019Trust in Me
13%
Collaborations/FeaturesJan 1, 2009Whoa Oh! (Me vs. Everyone) (with Forever the Sickest Kids)
13%
Singles/OtherOct. 30, 2009Winter Wonderland
11%
Collaborations/FeaturesSept 30, 2014Hold On (with Ben Kweller)
7%

Score Distribution

Percentile by Number Answered

Percent of People with Each Score

Your Score History

You have not taken this quiz since the last reset